000 00588nam a22001817a 4500
003 PILC
005 20151105144016.0
008 151105b xxu||||| |||| 00| 0 eng d
020 _a9789719802792
050 _aDS 675.8
_b.M37 2015
100 _aMaranan, Ruben D.
245 _aJose Rizal :
_bfirst global Filipino hero /
_cRuben D. Maranan.
260 _aQuezon City :
_bC & E Publishing, Inc.,
_c2015.
300 _axxiii, 479 pages :
_billustrations ;
_c22 cm.
500 _aIncludes bibliographical references and index.
650 _aRizal, Jose, 1861-1896.
942 _2lcc
_cBK
_kFIL
999 _c288930
_d288930